| 000 | 00550nam a2200145Ia 4500 | ||
|---|---|---|---|
| 008 | 140724s9999 xx 000 0 und d | ||
| 050 |
_aLC 4019 _b.Sa237 2013 |
||
| 100 | _aSantos, Khristine Angelica B. | ||
| 245 |
_aInfluence of collaborative approach on the socio-emotional development of high ability students / _cKhristine Angelica B. Santos. |
||
| 260 |
_aLas PiƱas, Philippines : _bSouthville International School and Colleges, _cc2013. |
||
| 300 |
_a75 p. : _bill. ; _c28 cm. |
||
| 521 | _aSpecial Education | ||
| 942 | _cTH | ||
| 999 |
_c229187 _d229187 |
||